000 00610nam a2200205 i 4500
001 127249
003 ES-MaACL
005 20251120063141.0
007 t|
008 070214s1906 sp r ||||1| spa d
080 _a929 Rico, Martín
100 1 _aRico y Ortega, Martín,
_d1833-1908
_997039
245 1 0 _aRecuerdos de mi vida /
_cMartín Rico.
260 _aMadrid :
_b[s. n.],
_c1906 (
_fImp. Ibérica)
300 _a127 p. ;
_c24 cm.
600 1 4 _aRico y Ortega, Martín,
_d1833-1908
_997039
852 _aES-MaACL
_jT-1077-F-11
852 _aES-MaACL
_jT-1473-F-7
999 _c127249
_d127249